Comedy Actor Emmy Noms (2000s) Quiz Stats

 Plays Quiz Updated Mar 8, 2012

Score 0/52 Timer 08:00
2 Plays Today
Year Nominee % Correct
2006Charlie Sheen
93.5%
2007Charlie Sheen
93.5%
2008Charlie Sheen
93.5%
2009Charlie Sheen
93.5%
2000Ray Romano
88.6%
2001Ray Romano
88.6%
2002RAY ROMANO
88.6%
2003Ray Romano
88.6%
2005Ray Romano
88.6%
2007Alec Baldwin
87.6%
2008ALEC BALDWIN
87.6%
2009ALEC BALDWIN
87.6%
2002Bernie Mac
87.5%
2003Bernie Mac
87.5%
2006Steve Carell
87.1%
2007Steve Carell
87.1%
2008Steve Carell
87.1%
2009Steve Carell
87.1%
2000Kelsey Grammer
86.8%
2001Kelsey Grammer
86.8%
2002Kelsey Grammer
86.8%
2004KELSEY GRAMMER
86.8%
2003Larry David
80.2%
2004Larry David
80.2%
2006Larry David
80.2%
2002Matthew Perry
79.9%
Year Nominee % Correct
2000MICHAEL J. FOX
79.2%
2002Matt LeBlanc
78.1%
2003Matt LeBlanc
78.1%
2004Matt LeBlanc
78.1%
2000John Lithgow
69.9%
2001John Lithgow
69.9%
2006Kevin James
66.7%
2005Jason Bateman
63.5%
2005Zach Braff
61.6%
2004John Ritter
61.5%
2003TONY SHALHOUB
59.4%
2004Tony Shalhoub
59.4%
2005TONY SHALHOUB
59.4%
2006TONY SHALHOUB
59.4%
2007Tony Shalhoub
59.4%
2008Tony Shalhoub
59.4%
2009Tony Shalhoub
59.4%
2001Frankie Muniz
55.4%
2000Eric McCormack
51.1%
2001ERIC MCCORMACK
51.1%
2003Eric McCormack
51.1%
2005Eric McCormack
51.1%
2007RICKY GERVAIS
43.1%
2009Jim Parsons
42.4%
2009Jemaine Clement
19.4%
2008Lee Pace
18.1%

You're not logged in!

Compare scores with friends on all Sporcle quizzes.
OR
Log In

Show Comments

Extras

Top Quizzes Today


Score Distribution

Your Account Isn't Verified!

In order to create a playlist on Sporcle, you need to verify the email address you used during registration. Go to your Sporcle Settings to finish the process.

Report this User

Report this user for behavior that violates our Community Guidelines.

Details: